01007nam a2200289 a 450000100060000000300080000600500170001400800410003102000250007202000220009703500190011904000710013804100080020908200220021710000250023924500550026425000240031926000300034330000210037350000490039450400410044365000350048474000150051994200120053499900170054695201540056359274BD-RjUL20211209080719.0161222s2009 enk b 000 0 eng d a9781846681080 (hbk.) a1846681081 (hbk.) a(BD-RjUL)59398 aUKMcUKMdBTCTAdBAKERdBWKUKdYDXCPdBWKdCDXdBWXdEYEdDLCbeng aeng04a658223bHIG 20091 aHindle, Tim.917629810aGuide to management ideas and gurus /cTim Hindle. a1st South Asian ed. aLondon :bProfile,cc2009 a322 p. ;c23 cm. aPublished in association with The Economist. aIncludes bibliographical references. 0aIndustrial management.917101402aEconomist. 2ddccBK c59274d59274 00102ddc40718NFICaRUCLbRUCLcReadingd2013-06-18eParagogn Enterprise, Dhakag650.00l0o658 HIG 2009r2016-12-22 00:00:00tC-1w2016-12-22yBK